000 00507nam a2200181Ia 4500
999 _c28716
_d28716
003 OSt
005 20201208155341.0
008 190216s9999||||xx |||||||||||||| ||und||
020 _a9788130004358
040 _coclc
082 _a894.8124
_bPAD/B
100 _aPadmanabhan, T
_97032
245 0 _aBudhadarsanam /
_cT Padmanabhan
260 _bPoorna Publications,
_aKozhikode:
_c2006.
300 _a96p
650 _aLekhanam
942 _cBK
_2ddc
_h894.8124
_iPAD/B
_k894.8124
_mPAD/B